[Event "FBL 1"]
[Site "Deutschland"]
[Date "2013.02.17"]
[Round "9.4"]
[White "Szewczuk, Mariola"]
[Black "Girya, Olga"]
[Result "0-1"]
[WhiteElo "1908"]
[BlackElo "2440"]
[PlyCount "106"]
[EventDate "2012.10.06"]
[WhiteTeam "SV Chemie Guben 1990"]
[BlackTeam "SC Bad Koenigshofen 1957"]
[WhiteTeamCountry "GER"]
[BlackTeamCountry "GER"]

1. f4 d5 2. Nf3 g6 3. e3 Bg7 4. c4 e6 5. cxd5 exd5 6. d4 Ne7 7. Nc3 O-O 8. Bd3
c5 9. Bc2 Nbc6 10. O-O cxd4 11. Nxd4 Nxd4 12. exd4 Bf5 13. Bb3 Qb6 14. Be3 Rad8
15. Kh1 Be4 16. Qd2 Nf5 17. Ne2 h5 18. h3 Qe6 19. Bf2 Ng3+ 20. Kh2 Nxf1+ 21.
Rxf1 Rfe8 22. Nc3 Qf5 23. Rg1 Bh6 24. g3 h4 25. Bd1 Qf6 26. Bg4 Qd6 27. Nb5 Qb6
28. Nc3 Qf6 29. Be3 Bf5 30. Bxf5 Qxf5 31. Qf2 hxg3+ 32. Rxg3 Rxe3 33. Qxe3 Bxf4
34. Qe7 Rd7 35. Qe8+ Kg7 36. Qe2 Bxg3+ 37. Kxg3 Qg5+ 38. Qg4 Qxg4+ 39. hxg4 Kf6
40. Kf4 Ke6 41. Kg5 Rc7 42. Ne2 Rc2 43. Nf4+ Kd6 44. Nd3 Rd2 45. Ne5 Ke7 46.
Kh6 Rxb2 47. Kg7 Rg2 48. a4 Ke6 49. Nxf7 Rxg4 50. Nd8+ Kd7 51. Nxb7 Rxd4 52.
Kxg6 Rb4 53. Nc5+ Kd6 0-1

[Event "FBL 1"]
[Site "Deutschland"]
[Date "2013.02.17"]
[Round "9.5"]
[White "Savina, Anastasia"]
[Black "Schulz, Anja"]
[Result "1-0"]
[WhiteElo "2303"]
[BlackElo "1801"]
[PlyCount "79"]
[EventDate "2012.10.06"]
[WhiteTeam "SC Bad Koenigshofen 1957"]
[BlackTeam "SV Chemie Guben 1990"]
[WhiteTeamCountry "GER"]
[BlackTeamCountry "GER"]

1. d4 g6 2. c4 Bg7 3. e4 d6 4. Nc3 Nd7 5. Nf3 e5 6. Be2 Ngf6 7. O-O O-O 8. Be3
Re8 9. d5 h6 10. Nd2 Re7 11. b4 Ne8 12. c5 f5 13. f3 f4 14. Bf2 Ndf6 15. a4 g5
16. a5 h5 17. cxd6 cxd6 18. Nb5 a6 19. Bb6 Qd7 20. Na7 h4 21. h3 Nh5 22. Bd3
Rf7 23. Qc2 Nef6 24. Rfc1 Rf8 25. Qc7 Ne8 26. Qxd7 Bxd7 27. b5 axb5 28. Rab1
Nhf6 29. Bxb5 Bxb5 30. Rxb5 Nd7 31. Bf2 Nc5 32. Bxc5 dxc5 33. Rxb7 Nd6 34. Rd7
Rf7 35. Rxd6 Rfxa7 36. Nc4 Bf8 37. Rg6+ Rg7 38. Rxg7+ Bxg7 39. Rb1 Kf8 40. Rb5
1-0

[Event "FBL 1"]
[Site "Deutschland"]
[Date "2013.02.17"]
[Round "9.6"]
[White "Dshurowa, Petra"]
[Black "Schoene, Maria"]
[Result "0-1"]
[WhiteElo "1757"]
[BlackElo "2190"]
[PlyCount "44"]
[EventDate "2012.10.06"]
[WhiteTeam "SV Chemie Guben 1990"]
[BlackTeam "SC Bad Koenigshofen 1957"]
[WhiteTeamCountry "GER"]
[BlackTeamCountry "GER"]

1. c4 g6 2. Nc3 c5 3. g3 Bg7 4. Bg2 d6 5. e3 Nc6 6. Nge2 Nf6 7. O-O O-O 8. d4
Bg4 9. f3 Bd7 10. a3 Re8 11. Rb1 cxd4 12. exd4 Bf5 13. Ra1 d5 14. c5 e5 15. Be3
Qe7 16. b4 exd4 17. Bxd4 Nxd4 18. Qxd4 Ne4 19. Qxd5 Nxc3 20. Nxc3 Bxc3 21. Rac1
Rad8 22. Qc4 Bd2 0-1

[Event "FBL 1"]
[Site "Deutschland"]
[Date "2013.02.17"]
[Round "9.1"]
[White "Wirths, Clara"]
[Black "Repkova, Eva"]
[Result "0-1"]
[WhiteElo "2022"]
[BlackElo "2378"]
[PlyCount "66"]
[EventDate "2012.10.06"]
[WhiteTeam "Schachverein Wattenscheid 1930"]
[BlackTeam "SF 1891 Friedberg"]
[WhiteTeamCountry "GER"]
[BlackTeamCountry "GER"]

1. e4 d5 2. exd5 Qxd5 3. Nc3 Qa5 4. d4 c6 5. Bc4 Bf5 6. Nf3 Nf6 7. Ne5 e6 8.
O-O Nbd7 9. Re1 Bb4 10. Qf3 Bxc3 11. bxc3 O-O 12. Bb3 Nxe5 13. Rxe5 Qc7 14. Bf4
Qd7 15. h3 a5 16. a4 Nd5 17. Bd2 Rfe8 18. g4 Bg6 19. h4 f6 20. Ree1 h6 21. g5
fxg5 22. hxg5 h5 23. Re5 Rf8 24. Qh3 Rae8 25. Rae1 Qf7 26. Qg3 Kh7 27. c4 Ne7
28. R1e2 Nf5 29. Qc3 Rd8 30. Be3 Nh4 31. Bd2 Rxd4 32. Rxa5 Rd3 33. Qxd3 Bxd3
0-1

[Event "FBL 1"]
[Site "Deutschland"]
[Date "2013.02.17"]
[Round "9.2"]
[White "Ohme, Melanie"]
[Black "Henrichs, Wenke"]
[Result "1-0"]
[WhiteElo "2337"]
[BlackElo "2067"]
[PlyCount "109"]
[EventDate "2012.10.06"]
[WhiteTeam "SF 1891 Friedberg"]
[BlackTeam "Schachverein Wattenscheid 1930"]
[WhiteTeamCountry "GER"]
[BlackTeamCountry "GER"]

1. e4 e6 2. d4 d5 3. Nc3 Nf6 4. e5 Nfd7 5. f4 c5 6. Nf3 Nc6 7. Be3 Be7 8. Qd2
O-O 9. dxc5 Bxc5 10. O-O-O Qa5 11. Bxc5 Nxc5 12. h4 Rd8 13. Nd4 Bd7 14. Kb1
Rac8 15. Rh3 Be8 16. Qe3 Nxd4 17. Rxd4 Ne4 18. Nd1 Bb5 19. Bxb5 Qxb5 20. Qd3
Qxd3 21. Rhxd3 b5 22. Ne3 Rf8 23. Ra3 Rc7 24. Ra5 Rb8 25. h5 f6 26. exf6 Nxf6
27. f5 Re7 28. a3 exf5 29. Nxf5 Re5 30. g4 Nxg4 31. Rxg4 Rxf5 32. Rxa7 Rf7 33.
Ra6 Rc8 34. Rb6 Rf1+ 35. Ka2 Rxc2 36. Rxb5 Rd2 37. a4 d4 38. a5 Rdd1 39. Rb8+
Kf7 40. Rb7+ Ke6 41. Rgxg7 Kd5 42. Kb3 Rd3+ 43. Kb4 Rb1 44. Rgd7+ Ke4 45. Re7+
Kf4 46. Kc4 Rd2 47. a6 Rc1+ 48. Kd5 d3 49. a7 Ra1 50. Kd4 h6 51. Rf7+ Kg4 52.
Rb3 Ra4+ 53. Kc3 Rc2+ 54. Kxd3 Rc5 55. Rb4+ 1-0

[Event "FBL 1"]
[Site "Deutschland"]
[Date "2013.02.17"]
[Round "9.3"]
[White "Goihl, Mona"]
[Black "Levushkina, Elena"]
[Result "0-1"]
[WhiteElo "2095"]
[BlackElo "2301"]
[PlyCount "120"]
[EventDate "2012.10.06"]
[WhiteTeam "Schachverein Wattenscheid 1930"]
[BlackTeam "SF 1891 Friedberg"]
[WhiteTeamCountry "GER"]
[BlackTeamCountry "GER"]

1. e4 e5 2. Bc4 Nf6 3. d3 Nc6 4. Nf3 Be7 5. Nc3 d6 6. h3 Na5 7. Bb3 Nxb3 8.
axb3 O-O 9. O-O c6 10. Re1 Qc7 11. d4 Re8 12. Nh4 Bf8 13. dxe5 dxe5 14. Qf3 Re6
15. Be3 b6 16. Nf5 Ne8 17. Ne2 Nd6 18. Nxd6 Rxd6 19. Ng3 Be6 20. Nh5 f6 21. Ra6
c5 22. Ng3 Rd7 23. h4 Qd8 24. h5 Qe7 25. Kh2 Qf7 26. Rh1 Rad8 27. Raa1 c4 28.
bxc4 Bxc4 29. Nf5 Be6 30. Ng3 Rc8 31. c3 Rcd8 32. Kg1 Bb3 33. Kh2 Rd3 34. Nf5
R3d7 35. Qg4 Kh8 36. Nh4 Be6 37. Qf3 Kg8 38. Kg1 Bb3 39. Kh2 Bc4 40. Kg1 Be6
41. Rf1 Rd3 42. Re1 Bc5 43. Nf5 Bxf5 44. exf5 h6 45. Rh3 Bxe3 46. Rxe3 Rxe3 47.
Qxe3 Qd7 48. Qe4 Qd2 49. Qc4+ Kh8 50. Qc7 Qc1+ 51. Kh2 Rd1 52. Qc8+ Kh7 53. Qc4
Rh1+ 54. Kg3 Rxh3+ 55. Kxh3 Qh1+ 56. Kg3 Qxh5 57. Qc8 Qg5+ 58. Kh2 Qd2 59. b4
Qxf2 60. Qd7 e4 0-1

[Event "FBL 1"]
[Site "Deutschland"]
[Date "2013.02.17"]
[Round "9.4"]
[White "Daulyte, Deimante"]
[Black "Kraus, Tanja"]
[Result "1-0"]
[WhiteElo "2216"]
[BlackElo "1916"]
[PlyCount "61"]
[EventDate "2012.10.06"]
[WhiteTeam "SF 1891 Friedberg"]
[BlackTeam "Schachverein Wattenscheid 1930"]
[WhiteTeamCountry "GER"]
[BlackTeamCountry "GER"]

1. e4 Nf6 2. e5 Nd5 3. d4 d6 4. c4 Nb6 5. exd6 exd6 6. Bd3 Nc6 7. Ne2 Be7 8. a3
Bg4 9. Be3 Bf6 10. f3 Bh4+ 11. Ng3 Bh5 12. Nc3 Bg6 13. O-O O-O 14. Bf2 Re8 15.
b3 Bxd3 16. Qxd3 Qf6 17. Rad1 Qh6 18. Rfe1 g6 19. c5 dxc5 20. dxc5 Rxe1+ 21.
Rxe1 Rd8 22. Qe4 Nd7 23. Rd1 Be7 24. b4 Nf6 25. Rxd8+ Bxd8 26. Qe1 Qf8 27. b5
Ne7 28. Bd4 Ned5 29. Nxd5 Nxd5 30. Qe5 Nf6 31. Ne4 1-0

[Event "FBL 1"]
[Site "Deutschland"]
[Date "2013.02.17"]
[Round "9.5"]
[White "Buechle, Regina"]
[Black "Goczo, Melinda"]
[Result "0-1"]
[WhiteElo "1977"]
[BlackElo "2234"]
[PlyCount "64"]
[EventDate "2012.10.06"]
[WhiteTeam "Schachverein Wattenscheid 1930"]
[BlackTeam "SF 1891 Friedberg"]
[WhiteTeamCountry "GER"]
[BlackTeamCountry "GER"]

1. d4 Nf6 2. Nf3 g6 3. c4 Bg7 4. Nc3 O-O 5. e4 d6 6. h3 Nbd7 7. Be2 e5 8. dxe5
dxe5 9. O-O c6 10. Qc2 Qc7 11. Re1 Nc5 12. Be3 Ne6 13. Rad1 Bd7 14. c5 Rad8 15.
b4 Nh5 16. Bf1 Bc8 17. Ne2 f5 18. Bg5 Rxd1 19. Rxd1 Nxg5 20. Nxg5 Qe7 21. Nf3
fxe4 22. Qxe4 Bf5 23. Qe3 Be6 24. Nc3 Nf4 25. a3 Nd5 26. Nxd5 Bxd5 27. Nd2 Qh4
28. g3 Qh5 29. Re1 Bh6 30. f4 exf4 31. gxf4 Bxf4 32. Qe2 Qg5+ 0-1

[Event "FBL 1"]
[Site "Deutschland"]
[Date "2013.02.17"]
[Round "9.6"]
[White "Padurariu, Ioana-Smaranda"]
[Black "Schneider, Hanne"]
[Result "1-0"]
[WhiteElo "2236"]
[BlackElo "1252"]
[PlyCount "83"]
[EventDate "2012.10.06"]
[WhiteTeam "SF 1891 Friedberg"]
[BlackTeam "Schachverein Wattenscheid 1930"]
[WhiteTeamCountry "GER"]
[BlackTeamCountry "GER"]

1. e4 e5 2. Nf3 Nc6 3. Bb5 a6 4. Ba4 Nf6 5. d3 d6 6. c3 Be7 7. O-O O-O 8. Nbd2
b5 9. Bb3 Na5 10. Bc2 c5 11. Re1 Qc7 12. Nf1 Bd7 13. Ng3 Rfe8 14. h3 h6 15. Bd2
Nc6 16. Bb3 Be6 17. Bxe6 fxe6 18. Nh4 Kh7 19. Nh5 Nxh5 20. Qxh5 Bxh4 21. Qxh4
Rf8 22. Rf1 Rf7 23. Be3 Raf8 24. Rad1 Ne7 25. Qg4 Rf6 26. d4 Rg6 27. Qe2 c4 28.
dxe5 dxe5 29. Rd2 Rf7 30. Rfd1 Qb7 31. f3 Ng8 32. Rd6 Re7 33. Rb6 Qc8 34. Rdd6
Nf6 35. Qd1 Nh5 36. Rd8 Qc7 37. Rxa6 Nf4 38. Bxf4 exf4 39. Qd6 Qxd6 40. Rdxd6
Kh8 41. Rab6 Kh7 42. Rxb5 1-0

[Event "FBL 1"]
[Site "Deutschland"]
[Date "2013.02.17"]
[Round "9.1"]
[White "Zozulia, Anna"]
[Black "Nebolsina, Vera"]
[Result "1/2-1/2"]
[WhiteElo "2346"]
[BlackElo "2270"]
[PlyCount "102"]
[EventDate "2012.10.06"]
[WhiteTeam "Schachverein Muelheim Nord 1931"]
[BlackTeam "SF Deizisau"]
[WhiteTeamCountry "GER"]
[BlackTeamCountry "GER"]

1. e4 e5 2. Nf3 Nc6 3. Bb5 a6 4. Ba4 Nf6 5. O-O Be7 6. Re1 b5 7. Bb3 O-O 8. h3
d6 9. c3 Nb8 10. d4 Nbd7 11. Nbd2 Bb7 12. Bc2 Re8 13. Nf1 Bf8 14. Ng3 c6 15.
Nh2 Qc7 16. Ng4 Nxg4 17. Qxg4 g6 18. Nf5 Kh8 19. Nh6 f6 20. Qh4 Bg7 21. Bb3 d5
22. Bd2 Nf8 23. dxe5 fxe5 24. Ng4 d4 25. Nf6 Bxf6 26. Qxf6+ Qg7 27. Qh4 Ne6 28.
Bh6 Qe7 29. Qg3 Qf6 30. cxd4 Nxd4 31. Bg5 Qd6 32. Rad1 c5 33. Be3 Rad8 34. Bg5
Rd7 35. Rd2 c4 36. Bd1 b4 37. Bg4 Rf7 38. Red1 Qc7 39. Be3 c3 40. bxc3 bxc3 41.
Rxd4 c2 42. Rc1 exd4 43. Bxd4+ Kg8 44. e5 Be4 45. Qe3 Qc6 46. f3 Bd5 47. e6
Bxe6 48. Qe5 Kf8 49. Bc5+ Kg8 50. Bd4 Kf8 51. Bc5+ Kg8 1/2-1/2

[Event "FBL 1"]
[Site "Deutschland"]
[Date "2013.02.17"]
[Round "9.2"]
[White "Manakov, Marina"]
[Black "Voyska, Margarita"]
[Result "1/2-1/2"]
[WhiteElo "2294"]
[BlackElo "2284"]
[PlyCount "48"]
[EventDate "2012.10.06"]
[WhiteTeam "SF Deizisau"]
[BlackTeam "Schachverein Muelheim Nord 1931"]
[WhiteTeamCountry "GER"]
[BlackTeamCountry "GER"]

1. d4 d6 2. Nf3 Bg4 3. e4 Nf6 4. Nc3 e6 5. Be2 Be7 6. Be3 d5 7. h3 Bh5 8. exd5
exd5 9. O-O O-O 10. Ne5 Bxe2 11. Qxe2 c6 12. Rad1 Nbd7 13. Rfe1 Bb4 14. Bg5
Bxc3 15. bxc3 Re8 16. Rd3 Qc8 17. Re3 Ne4 18. Nd3 f6 19. Bf4 Rf8 20. Nb2 g5 21.
Bh2 f5 22. f3 f4 23. fxe4 fxe3 24. Qg4 h6 1/2-1/2

[Event "FBL 1"]
[Site "Deutschland"]
[Date "2013.02.17"]
[Round "9.4"]
[White "Rempel, Jana"]
[Black "Rudolph, Anna"]
[Result "0-1"]
[WhiteElo "2078"]
[BlackElo "2246"]
[PlyCount "42"]
[EventDate "2012.10.06"]
[WhiteTeam "SF Deizisau"]
[BlackTeam "Schachverein Muelheim Nord 1931"]
[WhiteTeamCountry "GER"]
[BlackTeamCountry "GER"]

1. e4 Nf6 2. Nc3 d5 3. e5 Nfd7 4. f4 c5 5. Nf3 Nc6 6. g3 e6 7. Bg2 Be7 8. d3
Rb8 9. O-O b5 10. Qe1 O-O 11. g4 b4 12. Ne2 f6 13. Qg3 Qc7 14. f5 Ndxe5 15. Nh4
Bd6 16. Qh3 Ne7 17. Nf4 g5 18. fxg6 hxg6 19. Bd2 Rf7 20. Rae1 Bd7 21. b3 Rh7
0-1

[Event "FBL 1"]
[Site "Deutschland"]
[Date "2013.02.17"]
[Round "9.5"]
[White "Vogel, Heike"]
[Black "Zeller, Elisa"]
[Result "1/2-1/2"]
[WhiteElo "2153"]
[BlackElo "1903"]
[PlyCount "50"]
[EventDate "2012.10.06"]
[WhiteTeam "Schachverein Muelheim Nord 1931"]
[BlackTeam "SF Deizisau"]
[WhiteTeamCountry "GER"]
[BlackTeamCountry "GER"]

1. e4 e6 2. Nf3 d5 3. e5 c5 4. Be2 Nc6 5. O-O Qc7 6. Re1 Bd7 7. d4 Nxd4 8. Nxd4
cxd4 9. Bf4 Ne7 10. c3 Ng6 11. Bg3 Qb6 12. Qd2 Bc5 13. cxd4 Bxd4 14. Nc3 O-O
15. Bg4 Bxc3 16. bxc3 Rac8 17. Rab1 Qc7 18. h4 Qxc3 19. Qxc3 Rxc3 20. h5 Ne7
21. Rxb7 Rd8 22. Bh4 Kf8 23. Rxa7 Rc4 24. f3 Ke8 25. Bf2 Rdc8 1/2-1/2

[Event "FBL 1"]
[Site "Deutschland"]
[Date "2013.02.17"]
[Round "9.6"]
[White "Schuette, Anna"]
[Black "Sokalska, Viktorija"]
[Result "0-1"]
[WhiteElo "1494"]
[BlackElo "2022"]
[PlyCount "36"]
[EventDate "2012.10.06"]
[WhiteTeam "SF Deizisau"]
[BlackTeam "Schachverein Muelheim Nord 1931"]
[WhiteTeamCountry "GER"]
[BlackTeamCountry "GER"]

1. e4 c6 2. d4 d5 3. e5 c5 4. c3 Nc6 5. Nf3 Bg4 6. Be2 e6 7. O-O Nge7 8. Bg5 h6
9. Bh4 Qb6 10. b3 Nf5 11. Bg3 Bxf3 12. Bxf3 cxd4 13. cxd4 Qxd4 14. Qxd4 Nfxd4
15. Nd2 Bb4 16. Rfd1 O-O 17. Bg4 Rac8 18. f4 Nc2 0-1

[Event "FBL 1"]
[Site "Deutschland"]
[Date "2013.03.09"]
[Round "10.1"]
[White "Socko, Monika"]
[Black "Kachiani Gersinska, Ketino"]
[Result "1/2-1/2"]
[WhiteElo "2463"]
[BlackElo "2366"]
[PlyCount "128"]
[EventDate "2012.10.06"]
[WhiteTeam "Hamburger SK von 1830"]
[BlackTeam "OSG Baden-Baden"]

1. c4 g6 2. Nc3 Nf6 3. g3 c5 4. Bg2 Nc6 5. Nf3 Bg7 6. O-O d6 7. Ne1 Be6 8. Nd5
Qd7 9. Nd3 Na5 10. N3f4 Nxc4 11. Nxe6 fxe6 12. Nf4 g5 13. Nh3 g4 14. Nf4 e5 15.
Nd5 Nxd5 16. Bxd5 Nb6 17. Bg2 O-O 18. a4 Rab8 19. e3 Na8 20. a5 d5 21. Ra4 c4
22. d3 b5 23. axb6 Nxb6 24. Ra3 cxd3 25. Rxd3 d4 26. Qe2 Nc4 27. Rfd1 Kh8 28.
b3 Na5 29. exd4 Nxb3 30. dxe5 Nxc1 31. Rxc1 Qb5 32. Rcd1 Qxe5 33. Qxg4 Qc5 34.
R3d2 a5 35. Be4 a4 36. Rc2 Qe5 37. Rd5 Qa1+ 38. Kg2 Rb1 39. Kh3 Rb6 40. Rh5 h6
41. Bd3 Qd4 42. Qxd4 Bxd4 43. Ra5 Rxf2 44. Rc8+ Kg7 45. Rxa4 e5 46. Ra7+ Kf6
47. Rh7 Be3 48. Be4 Ke6 49. Re8+ Kd6 50. Rd8+ Kc5 51. Rd5+ Kb4 52. Rxe5 Rb5 53.
Rxb5+ Kxb5 54. Re7 Bg5 55. Rc7 Rd2 56. Bg2 Kb4 57. Bf1 Rf2 58. Bd3 Kb3 59. Be4
Kb4 60. Rc8 Kb3 61. Bd5+ Kb4 62. Rc4+ Kb5 63. Rc3 Kb4 64. Rc8 Kb5 1/2-1/2

[Event "FBL 1"]
[Site "Deutschland"]
[Date "2013.03.09"]
[Round "10.3"]
[White "Hoolt, Sarah"]
[Black "Arakhamia Grant, Ketevan"]
[Result "1-0"]
[WhiteElo "2308"]
[BlackElo "2421"]
[PlyCount "77"]
[EventDate "2012.10.06"]
[WhiteTeam "Hamburger SK von 1830"]
[BlackTeam "OSG Baden-Baden"]

1. e4 Nf6 2. e5 Nd5 3. c4 Nb6 4. d4 d6 5. exd6 exd6 6. Nc3 Nc6 7. Nf3 Be7 8.
Be3 O-O 9. d5 Ne5 10. Nxe5 dxe5 11. Qh5 f5 12. h4 Nd7 13. O-O-O Nf6 14. Qe2 Ng4
15. g3 a6 16. Bh3 Nxe3 17. Qxe3 Qd6 18. Rhe1 e4 19. Bg2 Bd7 20. g4 Qh2 21. Qg3
Qxh4 22. Qxc7 Rfd8 23. gxf5 Qg5+ 24. Kb1 Qxg2 25. Rg1 Qxf2 26. Qe5 Bf8 27. Rdf1
Qh4 28. f6 Bg4 29. Nxe4 h5 30. Rh1 Bd6 31. Nxd6 gxf6 32. Qe7 Qg5 33. Rxf6 Qg7
34. Re1 Rd7 35. Qe5 Rad8 36. Ne8 Qh7+ 37. Ka1 b5 38. Qg5+ Kh8 39. Rf8+ 1-0

[Event "FBL 1"]
[Site "Deutschland"]
[Date "2013.03.09"]
[Round "10.4"]
[White "Sedina, Elena"]
[Black "Fuchs, Judith"]
[Result "1/2-1/2"]
[WhiteElo "2340"]
[BlackElo "2292"]
[PlyCount "50"]
[EventDate "2012.10.06"]
[WhiteTeam "OSG Baden-Baden"]
[BlackTeam "Hamburger SK von 1830"]

1. e4 c6 2. c4 d5 3. exd5 cxd5 4. cxd5 Nf6 5. Nc3 Nxd5 6. Nf3 Nc6 7. Bb5 g6 8.
Qa4 Nb6 9. Bxc6+ bxc6 10. Qxc6+ Bd7 11. Qe4 Bg7 12. d4 Rc8 13. O-O Bc6 14. Qf4
Bxf3 15. Qxf3 Qxd4 16. Bg5 Qc5 17. Qg3 O-O 18. Rfe1 Rfe8 19. Qh4 Nd5 20. Rac1
Nxc3 21. bxc3 Bxc3 22. Rxe7 Qd4 23. Rxe8+ Rxe8 24. Qxd4 Bxd4 25. Kf1 Kg7
1/2-1/2

[Event "FBL 1"]
[Site "Deutschland"]
[Date "2013.03.09"]
[Round "10.5"]
[White "Schmidt, Jade"]
[Black "Tammert, Iamze"]
[Result "0-1"]
[WhiteElo "2114"]
[BlackElo "2305"]
[PlyCount "58"]
[EventDate "2012.10.06"]
[WhiteTeam "Hamburger SK von 1830"]
[BlackTeam "OSG Baden-Baden"]

1. d4 g6 2. e4 Bg7 3. Nc3 c6 4. f4 d5 5. e5 Nh6 6. Be2 f6 7. Be3 Qb6 8. a3 Nd7
9. Nf3 Nf8 10. Nh4 Nf7 11. Bf2 g5 12. exf6 exf6 13. fxg5 fxg5 14. Nf3 Ne6 15.
O-O O-O 16. g3 Nd6 17. Ne5 Nf5 18. Na4 Qc7 19. Nf3 g4 20. Ne5 Nfxd4 21. Nxg4
Nxe2+ 22. Qxe2 d4 23. b4 h5 24. Nh6+ Bxh6 25. Qxh5 Qg7 26. Kh1 Bd7 27. Rad1 Qg5
28. Qe2 Qd5+ 29. Kg1 Ng5 0-1

[Event "FBL 1"]
[Site "Deutschland"]
[Date "2013.03.09"]
[Round "10.6"]
[White "Schut, Lisa"]
[Black "Bluebaum, Bettina"]
[Result "1-0"]
[WhiteElo "2267"]
[BlackElo "1984"]
[PlyCount "33"]
[EventDate "2012.10.06"]
[WhiteTeam "OSG Baden-Baden"]
[BlackTeam "Hamburger SK von 1830"]

1. e4 e6 2. d4 d5 3. Nc3 Bb4 4. a3 Bxc3+ 5. bxc3 Ne7 6. Bd3 b6 7. Qg4 Ng6 8. e5
Ba6 9. h4 Bxd3 10. cxd3 h5 11. Qg3 Qd7 12. Ne2 Kf8 13. Qf3 Nc6 14. Ng3 Na5 15.
Bg5 Nb3 16. Rb1 Qa4 17. Qd1 1-0

[Event "FBL 1"]
[Site "Deutschland"]
[Date "2013.03.09"]
[Round "10.2"]
[White "Mader, Manuela"]
[Black "Jaracz, Barbara"]
[Result "1-0"]
[WhiteElo "2222"]
[BlackElo "2312"]
[PlyCount "47"]
[EventDate "2012.10.06"]
[WhiteTeam "Karlsruher SF 1853"]
[BlackTeam "SV Chemie Guben 1990"]

1. e4 e5 2. Nf3 Nc6 3. Bb5 a6 4. Bxc6 dxc6 5. O-O Qe7 6. d4 exd4 7. Qxd4 Bd7 8.
Bf4 c5 9. Qe3 Nf6 10. Nc3 O-O-O 11. Rad1 h6 12. Ne5 Be6 13. Rxd8+ Qxd8 14. Rd1
Qe8 15. h3 g5 16. Bh2 Kb8 17. Nd3 Nd7 18. Na4 c4 19. Ndc5 Nxc5 20. Nxc5 Bg7 21.
Nxa6+ bxa6 22. Qb6+ Ka8 23. Qxa6+ Kb8 24. Rd6 1-0

[Event "FBL 1"]
[Site "Deutschland"]
[Date "2013.03.09"]
[Round "10.3"]
[White "Wisniowska, Klaudia"]
[Black "Heinatz, Gundula"]
[Result "1/2-1/2"]
[WhiteElo "2187"]
[BlackElo "2197"]
[PlyCount "130"]
[EventDate "2012.10.06"]
[WhiteTeam "SV Chemie Guben 1990"]
[BlackTeam "Karlsruher SF 1853"]

1. e4 c5 2. Nf3 e6 3. d4 cxd4 4. Nxd4 a6 5. Nc3 Qc7 6. g3 Bb4 7. Qd3 Nc6 8.
Nxc6 dxc6 9. Qd4 Bxc3+ 10. Qxc3 Nf6 11. Bf4 Qb6 12. Bg2 O-O 13. O-O Nd7 14. e5
a5 15. a4 Qc5 16. Qxc5 Nxc5 17. Rfd1 Nd7 18. h4 h6 19. b3 Re8 20. Rd6 Kf8 21.
Rad1 Ke7 22. Bc1 Rg8 23. Ba3 Ke8 24. h5 g6 25. hxg6 Rxg6 26. Kh2 Ra6 27. Be4
Rg8 28. Bd3 Ra7 29. Be2 Rg7 30. Bh5 Kd8 31. Bc5 Ra8 32. R6d4 Kc7 33. Bd6+ Kb6
34. Rg4 Rxg4 35. Bxg4 f5 36. Be2 Ka7 37. Bc4 Nb8 38. Bxb8+ Rxb8 39. Rd6 b5 40.
Bxe6 bxa4 41. bxa4 Bxe6 42. Rxe6 Rb4 43. Rxh6 Rc4 44. Rf6 Rxa4 45. Rxf5 Re4 46.
Kg2 a4 47. Kf3 a3 48. Rf7+ Kb6 49. Kxe4 a2 50. f4 a1=Q 51. Kf5 Qa2 52. Kf6 Qxc2
53. f5 Qd2 54. e6 Qc3+ 55. Ke7 Qxg3 56. f6 Qc7+ 57. Kf8 Qc8+ 58. Ke7 Kc5 59.
Rg7 Qc7+ 60. Kf8 Qe5 61. Kf7 Kd6 62. e7 Qe6+ 63. Kg6 Qg4+ 64. Kh6 Qh4+ 65. Kg6
Qg4+ 1/2-1/2

[Event "FBL 1"]
[Site "Deutschland"]
[Date "2013.03.09"]
[Round "10.4"]
[White "Kiefhaber, Veronika"]
[Black "Sikorska, Dorota"]
[Result "1/2-1/2"]
[WhiteElo "2229"]
[BlackElo "1952"]
[PlyCount "105"]
[EventDate "2012.10.06"]
[WhiteTeam "Karlsruher SF 1853"]
[BlackTeam "SV Chemie Guben 1990"]

1. e4 e6 2. d4 d5 3. exd5 exd5 4. Nf3 Nf6 5. c4 c6 6. Nc3 Be7 7. cxd5 Nxd5 8.
Bd3 O-O 9. h3 g6 10. O-O Be6 11. Bh6 Re8 12. Qd2 Bf6 13. Rae1 Nd7 14. Ne4 Bg7
15. Bxg7 Kxg7 16. Nd6 Re7 17. Nxb7 Qb6 18. Nd6 c5 19. Nc4 Qd8 20. Ng5 cxd4 21.
Be4 N7f6 22. Bf3 Rc8 23. Qxd4 Qc7 24. Ne5 Nb6 25. Nc6 Rd7 26. Nxe6+ fxe6 27.
Qh4 Rd6 28. Ne5 Nbd5 29. Re2 Rb6 30. Rfe1 Ne7 31. Ng4 Qf4 32. Re4 Nxe4 33.
Qxe7+ Qf7 34. Qxf7+ Kxf7 35. Rxe4 Rxb2 36. a4 Ra2 37. Rb4 Rc7 38. Be4 a5 39.
Rd4 Ke7 40. f4 Rb2 41. Rd1 Rb4 42. Re1 Rc5 43. Bf3 Rxa4 44. Ne5 Ra2 45. Rb1 Rc7
46. Rb6 a4 47. Bg4 a3 48. Rxe6+ Kf8 49. Ra6 Rcc2 50. Ra8+ Ke7 51. Ra7+ Kd6 52.
Bf3 Rc7 53. Nf7+ 1/2-1/2

[Event "FBL 1"]
[Site "Deutschland"]
[Date "2013.03.09"]
[Round "10.5"]
[White "Schulz, Anja"]
[Black "Lauterbach, Ingrid"]
[Result "0-1"]
[WhiteElo "1801"]
[BlackElo "2143"]
[PlyCount "88"]
[EventDate "2012.10.06"]
[WhiteTeam "SV Chemie Guben 1990"]
[BlackTeam "Karlsruher SF 1853"]

1. Nf3 d6 2. g3 e5 3. d3 g6 4. e4 Bg7 5. Bg2 Ne7 6. Nc3 c6 7. O-O O-O 8. Bg5 f6
9. Bd2 d5 10. Qc1 Rf7 11. Ne2 Be6 12. Kh1 Qd7 13. Nfg1 Na6 14. a3 Rd8 15. Rd1
f5 16. f4 fxe4 17. dxe4 dxe4 18. Be3 Qc7 19. Rxd8+ Qxd8 20. fxe5 Bxe5 21. Nf4
Bf5 22. h3 Nd5 23. c3 Nxe3 24. Qxe3 Qb6 25. Qxb6 axb6 26. Re1 Nc5 27. Re3 g5
28. Nh5 Bg6 29. g4 Nd3 30. Ne2 Bf4 31. Nexf4 gxf4 32. Nxf4 Rxf4 33. Re2 Kf7 34.
Kh2 Rf2 35. Re3 Nf4 36. Kg3 Rxg2+ 37. Kxf4 Rxb2 38. h4 h6 39. g5 hxg5+ 40. hxg5
Rf2+ 41. Kg3 Rf3+ 42. Rxf3+ exf3 43. Kxf3 Ke6 44. Kf4 Kd5 0-1

[Event "FBL 1"]
[Site "Deutschland"]
[Date "2013.03.09"]
[Round "10.6"]
[White "Brendel, Bergit"]
[Black "Dziadek, Anna"]
[Result "1-0"]
[WhiteElo "2094"]
[BlackElo "1415"]
[PlyCount "25"]
[EventDate "2012.10.06"]
[WhiteTeam "Karlsruher SF 1853"]
[BlackTeam "SV Chemie Guben 1990"]

1. e4 d6 2. d4 Nf6 3. Nc3 g6 4. Be3 Bg7 5. f3 O-O 6. Qd2 b6 7. O-O-O Bb7 8. h4
a5 9. Bh6 a4 10. h5 Nxh5 11. Rxh5 gxh5 12. Qg5 e5 13. Qxg7# 1-0

[Event "FBL 1"]
[Site "Deutschland"]
[Date "2013.03.09"]
[Round "10.1"]
[White "Wirths, Clara"]
[Black "Bodnaruk, Anastasia"]
[Result "0-1"]
[WhiteElo "2022"]
[BlackElo "2421"]
[PlyCount "50"]
[EventDate "2012.10.06"]
[WhiteTeam "Schachverein Wattenscheid 1930"]
[BlackTeam "Rodewischer Schachmiezen"]

1. e4 c5 2. Nf3 d6 3. d4 cxd4 4. Nxd4 Nf6 5. Nc3 a6 6. Bg5 e6 7. f4 Be7 8. Qf3
h6 9. Bxf6 Bxf6 10. O-O-O Qb6 11. Nb3 Qc7 12. e5 dxe5 13. Ne4 Be7 14. Qg3 O-O
15. fxe5 Nc6 16. Nf6+ Kh8 17. Ng4 h5 18. Qh3 g6 19. Bd3 Kg7 20. Rde1 hxg4 21.
Qg3 Rh8 22. h4 Rh5 23. Be2 Qxe5 24. Qxg4 Rxh4 25. Rxh4 Qg5+ 0-1

[Event "FBL 1"]
[Site "Deutschland"]
[Date "2013.03.09"]
[Round "10.2"]
[White "Pokorna, Regina"]
[Black "Henrichs, Wenke"]
[Result "1-0"]
[WhiteElo "2353"]
[BlackElo "2067"]
[PlyCount "43"]
[EventDate "2012.10.06"]
[WhiteTeam "Rodewischer Schachmiezen"]
[BlackTeam "Schachverein Wattenscheid 1930"]

1. e4 e6 2. d4 d5 3. Nd2 Nf6 4. e5 Nfd7 5. Bd3 c5 6. c3 Nc6 7. Ne2 cxd4 8. cxd4
f6 9. exf6 Nxf6 10. O-O Bd6 11. Nf3 O-O 12. Bf4 Ne4 13. Qc1 Nxd4 14. Nfxd4 e5
15. Bxe4 dxe4 16. Bg5 Qe8 17. Qc4+ Kh8 18. Nb5 Be6 19. Nxd6 Bxc4 20. Nxe8 Bxe2
21. Rfe1 Bd3 22. Nd6 1-0